Rain forest

Bibliographic Details
Main Author: Macdonald, Fiona
Format: Book
Published: London : Watts Books , 1992
Subjects:

MARC

LEADER 00000cam a2200000 7i4500
001 0000007695
002 000008265
005 20000330.0
020 |a 0749606576 
090 0 0 |a J 030   |b MAC 
100 1 |a Macdonald, Fiona 
245 1 0 |a Rain forest   |c Fiona Macdonald 
260 |a London :   |b Watts Books ,   |c 1992 
300 |a 32 p. :   |b ill. ;   |c 30 cm. 
650 0 0 |a Rain forest   |x Juvenile literature 
999 |a 052549   |b BUKU   |c PINJAMAN   |e PERPUSTAKAAN KOMUNITI PETALING JAYA